Financovanie MSP rizikovým kapitálom diplomová práca

Na minha lista:
Detalhes bibliográficos
Autor principal: Prekopová, Lenka
Autor Corporativo: Fakulta podnikového manažmentu EU. Katedra podnikových financií
Outros Autores: Fetisovová, Elena
Formato: Livro
Idioma:eslovaco
Publicado em: Bratislava 2011
Tags: Adicionar Tag
Sem tags, seja o primeiro a adicionar uma tag!

MARC

LEADER 00000nbm a2200000 4500
001 0131700
005 20161109101725.0
041 0 |a slo 
044 |a SK 
245 1 0 |a Financovanie MSP rizikovým kapitálom  |b diplomová práca  |c Lenka Prekopová ; školiteľ: Elena Fetisovová 
264 1 |a Bratislava  |c 2011 
300 |a 78 s. 
100 1 |a Prekopová, Lenka 
700 1 |a Fetisovová, Elena 
710 2 |a Fakulta podnikového manažmentu EU. Katedra podnikových financií